01233nac a22002891i 4500003000900000005001700009008004100026020001500067020001800082040004300100082002100143100003100164245021200195250005500407264006000462300004500522336002600567337002800593338002700621521006600648650003300714650003300747655001700780942001200797999001500809952011900824EG-ScBUE20250317092931.0250305s2004 ii a f 000 0 eng d a8121909090 a9788121909099 aEG-ScBUEbengerdacEG-ScBUEdEG-ScBUE04a530.028bARO2221 aArora, C. L., eauthor.10aB.Sc. practical physics :bfor B.Sc. (pass & hons.) students of all Indian Universities /cC.L. Arora, formerly principal, D.A.V. College, Jalandhar and dean of Colleges, Guru Nanak Dev University, Amristar. aThoroughly revised and enlarged twentieth edition. 1aRam Nagar, New Delhi :bS. Chand & Company LTD.,c2004. axiv, 609 pages :billustrations ;c20 cm 2rdacontentatextbtxt aunmediated2rdamediabn avolumebnc2rdacarrier aFor B.Sc. (pass & hons.) students of all Indian universities. 7aPhysicsxExperiments.2BUEsh 7aPhysicsxMethodology.2BUEsh vReading book cBB2ddc c3816d3816 00102ddc40708BaccahaMAINbMAINc1STd2007-07-05ePurchasel1o530.028 AROp000030224r2025-07-15 00:00:00yBB